000 00809cam a2200265 a 4500
999 _c5791
_d5791
001 4224490
003 OSt
005 20210512095331.0
008 821022s1983 caua b 001 0 eng
010 _a 82020193
020 _a0534013376
040 _aDLC
_cDLC
_dDLC
050 1 0 _aRT89
_b.L3 1983
060 _aWY 105 M234L
082 _aWY105 M74n 1983
100 1 _aRigolosi, Elaine La Monica
_912027
245 1 0 _aNursing Leadership and Management:
_ban experiential approach
260 _aMonterey, Calif. :
_bWadsworth Health Sciences Div.,
_c1983.
300 _axii, 316 p. :
_bill. ;
_c25 cm.
504 _aIncludes bibliographies and indexes.
650 0 _aNursing Training
_912028
650 0 _aLeadership.
_91402
906 _a7
_bcbc
_corignew
_d1
_eocip
_f19
_gy-gencatlg
942 _2z
_cO_SHELF